000 00695nam a2200217Ii 4500
003 JO-AjNU
008 230605s9999||||xx |||||||||||||| ||und||
017 _a2004/8/2016
040 _aJO-AjNU
_bara
_erda
_cJO-AjNU
041 _aara
050 1 4 _aTX911.T3438 005
100 3 _aالطائي، حميد عبد النبي ,
_eauthor
_951347
245 0 0 _aادارة الضيافة =Hospitality management
250 _aط1
264 3 1 _aعمان: مؤسسة الوراق للنشر ،2016
300 _a310ص
336 _atext
_btxt
_2rdacontent
337 _aunmediated
_bn
_2rdamedia
338 _avolume
_bnc
_2rdacarrier
650 4 _aالسياحة - تنمية السياحة
_951348
999 _aA22674
_c26242
_d26242